[Event "Kitchener Masters"]
[Site "Kitchener CAN"]
[Date "2001.09.23"]
[Round "6"]
[White "Allen, Graham"]
[Black "Laughlin, Steve"]
[Result "0-1"]
[WhiteElo "2175"]
[BlackElo "2054"]
[PlyCount "78"]
[GameId "2160767911485231"]
[EventDate "2001.09.15"]
[EventType "tourn"]
[EventRounds "9"]
[EventCountry "CAN"]
[SourceTitle "EXT 2022"]
[Source "ChessBase"]
[SourceDate "2021.10.06"]
[SourceVersion "1"]
[SourceVersionDate "2021.10.06"]
[SourceQuality "1"]

1. d4 Nf6 2. c4 g6 3. Nc3 Bg7 4. e4 d6 5. Nf3 O-O 6. Be2 c5 7. d5 e5 8. dxe6 fxe6 9. Bg5 Qb6 10. Qd2 Nc6 11. Rd1 Nd4 12. O-O Nd7 13. Nxd4 cxd4 14. Nb5 Nc5 15. Bf3 e5 16. b4 Ne6 17. Bh4 a6 18. Na3 Nf4 19. Bg5 Nh3+ 20. Kh1 Nxg5 21. Qxg5 Qxb4 22. Rd3 Qc5 23. h4 Rf6 24. Rb1 Rb8 25. h5 h6 26. Qc1 g5 27. Rdb3 g4 28. Be2 Rxf2 29. Qe1 Rf6 30. Qg3 Rf4 31. Bd3 Qc7 32. Nc2 Qf7 33. Nb4 Qxh5+ 34. Kg1 Bf6 35. Nd5 Bh4 36. Nxf4 exf4 37. Qxf4 Bg5 38. Qxd6 Be3+ 39. Kf1 Qf7+ 0-1

[Event "Kitchener Masters"]
[Site "Kitchener CAN"]
[Date "2001.09.23"]
[Round "6"]
[White "Demmery, Steve"]
[Black "Gurevich, Artjom"]
[Result "0-1"]
[WhiteElo "2122"]
[BlackElo "2297"]
[PlyCount "126"]
[GameId "2160767911485232"]
[EventDate "2001.09.15"]
[EventType "tourn"]
[EventRounds "9"]
[EventCountry "CAN"]
[SourceTitle "EXT 2022"]
[Source "ChessBase"]
[SourceDate "2021.10.06"]
[SourceVersion "1"]
[SourceVersionDate "2021.10.06"]
[SourceQuality "1"]

1. d4 Nf6 2. Nf3 e6 3. g3 d5 4. Bg2 Be7 5. O-O O-O 6. Nbd2 c5 7. b3 cxd4 8. Nxd4 e5 9. N4f3 Nc6 10. Bb2 e4 11. Nd4 Bc5 12. Nxc6 bxc6 13. e3 Re8 14. Re1 a5 15. Nb1 Bg4 16. Qc1 Nd7 17. a3 Bd6 18. Nd2 Ne5 19. Bxe5 Bxe5 20. c3 Qf6 21. Ra2 Bxc3 22. Rc2 Bxd2 23. Qxd2 Re6 24. Rec1 Bf3 25. Qd4 Bxg2 26. Qxf6 Rxf6 27. Kxg2 Ra6 28. Rc5 Kf8 29. R1c3 Ke7 30. Kf1 Kd6 31. Kg2 g5 32. Rc2 h5 33. Rc1 Rf3 34. R1c3 f5 35. Rc1 f4 36. R5c3 fxe3 37. fxe3 h4 38. Kh3 hxg3 39. hxg3 c5 40. Kg4 Rc6 41. b4 axb4 42. axb4 c4 43. Rh1 Rb6 44. Rh6+ Kc7 45. Rh7+ Kc6 46. Ra3 Kb5 47. Ra5+ Kxb4 48. Rxd5 Rxe3 49. Rc7 Rb5 50. Rd4 Rc5 51. Rb7+ Kc3 52. Rd1 Rd3 53. Re1 e3 54. Kf3 Re5 55. Re2 Re8 56. Rb5 g4+ 57. Kf4 Kd4 58. Rbb2 Rd1 59. Rb7 Kd3 60. Rxe3+ Rxe3 61. Rd7+ Ke2 62. Rxd1 Kxd1 63. Kxe3 c3 0-1

[Event "Kitchener Masters"]
[Site "Kitchener CAN"]
[Date "2001.09.23"]
[Round "6"]
[White "Jung, Hans"]
[Black "Kret, Ted"]
[Result "1-0"]
[WhiteElo "2291"]
[BlackElo "2219"]
[PlyCount "65"]
[GameId "2160767911485233"]
[EventDate "2001.09.15"]
[EventType "tourn"]
[EventRounds "9"]
[EventCountry "CAN"]
[SourceTitle "EXT 2022"]
[Source "ChessBase"]
[SourceDate "2021.10.06"]
[SourceVersion "1"]
[SourceVersionDate "2021.10.06"]
[SourceQuality "1"]

1. Nf3 Nf6 2. b3 e6 3. Bb2 Be7 4. e3 b6 5. d4 Bb7 6. Bd3 d5 7. O-O O-O 8. Ne5 c5 9. a3 Nbd7 10. f4 Nxe5 11. fxe5 Ne4 12. Qg4 Bg5 13. Qh3 Bh6 14. Bxe4 dxe4 15. Nd2 Qg5 16. Rf4 Qg6 17. Rf2 Ba6 18. c4 Rad8 19. Nf1 Bc8 20. Re1 f6 21. exf6 cxd4 22. exd4 e5 23. Qh4 gxf6 24. Qxe4 f5 25. Qxe5 Rfe8 26. Qc7 Rd7 27. Rxe8+ Qxe8 28. Qc6 Bg5 29. Rxf5 Be3+ 30. Nxe3 Qxe3+ 31. Rf2 Rf7 32. Qxc8+ Kg7 33. d5+ 1-0

[Event "Kitchener Masters"]
[Site "Kitchener CAN"]
[Date "2001.09.23"]
[Round "6"]
[White "Peredun, Andrew"]
[Black "Dougherty, Michael"]
[Result "1/2-1/2"]
[WhiteElo "2268"]
[BlackElo "2355"]
[PlyCount "47"]
[GameId "2160767911485234"]
[EventDate "2001.09.15"]
[EventType "tourn"]
[EventRounds "9"]
[EventCountry "CAN"]
[SourceTitle "EXT 2022"]
[Source "ChessBase"]
[SourceDate "2021.10.06"]
[SourceVersion "1"]
[SourceVersionDate "2021.10.06"]
[SourceQuality "1"]

1. e4 c5 2. Nf3 Nc6 3. Bb5 g6 4. O-O Bg7 5. c3 Nf6 6. Re1 O-O 7. d4 cxd4 8. cxd4 d5 9. e5 Ne4 10. Nbd2 Bf5 11. Bxc6 bxc6 12. Nh4 e6 13. Nxf5 exf5 14. f3 Ng5 15. Nb3 Ne6 16. Be3 f4 17. Bf2 f6 18. exf6 Qxf6 19. Rc1 Rac8 20. Nc5 Nxc5 21. Rxc5 Rfe8 22. Rc2 Kf7 23. Rce2 Qd6 24. Rxe8 1/2-1/2

[Event "Kitchener Masters"]
[Site "Kitchener CAN"]
[Date "2001.09.23"]
[Round "6"]
[White "Zybura, Andre"]
[Black "Vaingorten, Yaaqov"]
[Result "0-1"]
[WhiteElo "2020"]
[BlackElo "2250"]
[PlyCount "112"]
[GameId "2160767911485235"]
[EventDate "2001.09.15"]
[EventType "tourn"]
[EventRounds "9"]
[EventCountry "CAN"]
[SourceTitle "EXT 2022"]
[Source "ChessBase"]
[SourceDate "2021.10.06"]
[SourceVersion "1"]
[SourceVersionDate "2021.10.06"]
[SourceQuality "1"]

1. Nf3 Nf6 2. c4 g6 3. g3 Bg7 4. Bg2 O-O 5. Nc3 d6 6. O-O e5 7. d3 Nc6 8. Bg5 h6 9. Bxf6 Bxf6 10. Rb1 Ne7 11. b4 c6 12. b5 c5 13. Nd2 Qc7 14. Nd5 Nxd5 15. Bxd5 Bh3 16. Re1 Kh7 17. Ne4 Be7 18. f3 Bd7 19. Qd2 Rae8 20. a4 f5 21. Nf2 Bd8 22. Rf1 Bc8 23. e3 Bf6 24. a5 Qe7 25. Rbe1 Qg7 26. h4 e4 27. Rc1 g5 28. h5 exf3 29. Bxf3 g4 30. Bd5 Qg5 31. Rce1 Qxh5 32. Re2 Qg5 33. Kg2 Re7 34. e4 Qxd2 35. Rxd2 Bc3 36. Rc2 Bxa5 37. Nxg4 Kg7 38. Nh2 f4 39. Rf3 Be1 40. Ng4 Bxg3 41. Ra2 b6 42. Rf1 Bh2 43. Kxh2 Bxg4 44. Raa1 f3 45. Rf2 Kg6 46. Kg3 Kg5 47. e5 dxe5 48. Bxf3 Ref7 49. Bxg4 Rxf2 50. Rxa7 R2f7 51. Ra6 h5 52. Be6 h4+ 53. Kg2 Rf2+ 54. Kg1 Rf1+ 55. Kg2 R8f2+ 56. Kh3 Rh1# 0-1

[Event "Kitchener Masters"]
[Site "Kitchener CAN"]
[Date "2001.09.29"]
[Round "7"]
[White "Dougherty, Michael"]
[Black "Demmery, Steve"]
[Result "1-0"]
[WhiteElo "2355"]
[BlackElo "2122"]
[PlyCount "57"]
[GameId "2160767911485236"]
[EventDate "2001.09.15"]
[EventType "tourn"]
[EventRounds "9"]
[EventCountry "CAN"]
[SourceTitle "EXT 2022"]
[Source "ChessBase"]
[SourceDate "2021.10.06"]
[SourceVersion "1"]
[SourceVersionDate "2021.10.06"]
[SourceQuality "1"]

1. c4 c6 2. e4 d5 3. exd5 cxd5 4. cxd5 Qxd5 5. Nc3 Qa5 6. d4 e6 7. Nf3 Nf6 8. Bc4 Be7 9. O-O O-O 10. Ne5 a6 11. Qf3 Ra7 12. Be3 b5 13. Bd3 b4 14. Ne2 Bb7 15. Qh3 Bd5 16. g4 g6 17. Ng3 Rc7 18. g5 Ne8 19. Rae1 Nc6 20. f4 Qb6 21. Qh6 Ng7 22. h4 Nxd4 23. h5 Bc5 24. Ng4 f5 25. hxg6 hxg6 26. Nf6+ Kf7 27. Kf2 Bb7 28. Rh1 Rcc8 29. Qxg7+ 1-0

[Event "Kitchener Masters"]
[Site "Kitchener CAN"]
[Date "2001.09.29"]
[Round "7"]
[White "Gurevich, Artjom"]
[Black "Jung, Hans"]
[Result "1/2-1/2"]
[WhiteElo "2297"]
[BlackElo "2291"]
[PlyCount "97"]
[GameId "2160767911485237"]
[EventDate "2001.09.15"]
[EventType "tourn"]
[EventRounds "9"]
[EventCountry "CAN"]
[SourceTitle "EXT 2022"]
[Source "ChessBase"]
[SourceDate "2021.10.06"]
[SourceVersion "1"]
[SourceVersionDate "2021.10.06"]
[SourceQuality "1"]

1. d4 d6 2. e4 e5 3. dxe5 dxe5 4. Qxd8+ Kxd8 5. Nf3 f6 6. Bc4 c6 7. Be3 Nd7 8. Be6 Ke7 9. Bh3 g5 10. Nfd2 h5 11. Bxd7 Kxd7 12. h4 g4 13. Nc3 Kc7 14. O-O-O Be6 15. Kb1 Bb4 16. Ne2 Ne7 17. Ng3 Rad8 18. a3 Ba5 19. Nb3 Rxd1+ 20. Rxd1 Bb6 21. Nc5 Bxc5 22. Bxc5 Ng6 23. Rd6 Nf4 24. Ne2 Re8 25. Nxf4 exf4 26. Rd3 Bc4 27. Rd4 Bf1 28. g3 fxg3 29. Bd6+ Kc8 30. fxg3 Bg2 31. Bf4 Bxe4 32. Rd6 Bd5 33. Kc1 Re2 34. Rxf6 Be4 35. Rf8+ Kd7 36. Rf7+ Ke6 37. Rxb7 Rxc2+ 38. Kd1 a5 39. Ra7 Rxb2 40. Rxa5 Bd5 41. Ra8 Ra2 42. Rh8 Rxa3 43. Rxh5 Ra2 44. Kc1 Rh2 45. Rg5 Bf3 46. h5 Kf6 47. Ra5 Bd5 48. h6 Ra2 49. Rxa2 1/2-1/2

[Event "Kitchener Masters"]
[Site "Kitchener CAN"]
[Date "2001.09.29"]
[Round "7"]
[White "Kret, Ted"]
[Black "Allen, Graham"]
[Result "1-0"]
[WhiteElo "2219"]
[BlackElo "2175"]
[PlyCount "74"]
[GameId "2160767911485238"]
[EventDate "2001.09.15"]
[EventType "tourn"]
[EventRounds "9"]
[EventCountry "CAN"]
[SourceTitle "EXT 2022"]
[Source "ChessBase"]
[SourceDate "2021.10.06"]
[SourceVersion "1"]
[SourceVersionDate "2021.10.06"]
[SourceQuality "1"]

1. d4 e6 2. c4 c5 3. d5 d6 4. e4 g6 5. Nc3 e5 6. f4 f6 7. Bd3 Bg7 8. Nf3 Ne7 9. fxe5 fxe5 10. Be3 Nd7 11. Qd2 h6 12. O-O-O Nf6 13. h3 g5 14. h4 g4 15. Nh2 h5 16. Nf1 Bd7 17. Ng3 Qa5 18. Rdf1 O-O-O 19. Bg5 Rdf8 20. Rf2 a6 21. Rhf1 Neg8 22. Nf5 Bxf5 23. Rxf5 Qc7 24. Ne2 Nh7 25. Rxf8+ Nxf8 26. Ng3 Ng6 27. Nf5 Bf8 28. g3 Rh7 29. Qd1 Qd7 30. Qb3 Kc7 31. Qa3 Kb8 32. b4 cxb4 33. Qxb4 Ka7 34. Be3+ Ka8 35. Qb6 Kb8 36. Qa7+ Kc8 37. Bb6 Qa4 1-0

[Event "Kitchener Masters"]
[Site "Kitchener CAN"]
[Date "2001.09.29"]
[Round "7"]
[White "Laughlin, Steve"]
[Black "Zybura, Andre"]
[Result "1/2-1/2"]
[WhiteElo "2054"]
[BlackElo "2020"]
[PlyCount "105"]
[GameId "2160767911485239"]
[EventDate "2001.09.15"]
[EventType "tourn"]
[EventRounds "9"]
[EventCountry "CAN"]
[SourceTitle "EXT 2022"]
[Source "ChessBase"]
[SourceDate "2021.10.06"]
[SourceVersion "1"]
[SourceVersionDate "2021.10.06"]
[SourceQuality "1"]

1. e4 c5 2. Nf3 e6 3. d3 Nc6 4. g3 g6 5. Bg2 Bg7 6. O-O Nge7 7. c3 O-O 8. Be3 d6 9. Qd2 Rb8 10. Bh6 b5 11. Bxg7 Kxg7 12. Nh4 e5 13. f4 f6 14. Qf2 b4 15. Nd2 bxc3 16. bxc3 Ba6 17. Qe3 Qa5 18. Rfc1 Rb2 19. fxe5 fxe5 20. a3 h6 21. Rf1 Rbb8 22. Rfc1 Rf6 23. Ndf3 Rb3 24. Qd2 Rxa3 25. Qb2 Ra4 26. Rxa4 Qxa4 27. Ra1 Qb5 28. Qxb5 Bxb5 29. c4 a6 30. cxb5 axb5 31. Nd2 Nb4 32. Bf1 Nc2 33. Rb1 Nd4 34. Kg2 b4 35. Nhf3 Nc2 36. h3 Rf8 37. Nc4 Na3 38. Nxa3 bxa3 39. Ra1 Ra8 40. Ra2 Nc6 41. Ne1 Nb4 42. Ra1 a2 43. Be2 Ra3 44. Bd1 Nxd3 45. Nxd3 Rxd3 46. Be2 Rd2 47. Kf3 Rc2 48. h4 Kf6 49. Bb5 c4 50. Ba4 Rb2 51. Ke3 Rb3+ 52. Kf2 Rb2+ 53. Ke3 1/2-1/2

[Event "Kitchener Masters"]
[Site "Kitchener CAN"]
[Date "2001.09.29"]
[Round "8"]
[White "Allen, Graham"]
[Black "Gurevich, Artjom"]
[Result "0-1"]
[WhiteElo "2175"]
[BlackElo "2297"]
[PlyCount "77"]
[GameId "2160767911485241"]
[EventDate "2001.09.15"]
[EventType "tourn"]
[EventRounds "9"]
[EventCountry "CAN"]
[SourceTitle "EXT 2022"]
[Source "ChessBase"]
[SourceDate "2021.10.06"]
[SourceVersion "1"]
[SourceVersionDate "2021.10.06"]
[SourceQuality "1"]

1. d4 Nf6 2. c4 e6 3. Nf3 b6 4. Bg5 Bb7 5. Nc3 Bb4 6. e3 h6 7. Bh4 g5 8. Bg3 Ne4 9. Qc2 Bxc3+ 10. bxc3 d6 11. Bd3 f5 12. O-O Nd7 13. Nd2 Nxd2 14. Qxd2 Qf6 15. f4 O-O-O 16. Be2 Qg6 17. Bf3 Bxf3 18. Rxf3 Nf6 19. Qc2 Ne4 20. Qa4 Kb7 21. d5 g4 22. Rff1 Nxc3 23. Qc2 Ne4 24. a4 a5 25. Be1 Kc8 26. Qb3 Nc5 27. Qc3 Rhe8 28. Bh4 Rd7 29. Rfb1 Qg7 30. Qd2 Ne4 31. Qa2 Qc3 32. Re1 Nc5 33. Reb1 exd5 34. Be1 Qxc4 35. Qb2 d4 36. exd4 Re2 37. Qb5 Qxd4+ 38. Kh1 Qe4 39. Bh4 0-1

[Event "Kitchener Masters"]
[Site "Kitchener CAN"]
[Date "2001.09.29"]
[Round "8"]
[White "Demmery, Steve"]
[Black "Vaingorten, Yaaqov"]
[Result "0-1"]
[WhiteElo "2122"]
[BlackElo "2250"]
[PlyCount "98"]
[GameId "2160767911485242"]
[EventDate "2001.09.15"]
[EventType "tourn"]
[EventRounds "9"]
[EventCountry "CAN"]
[SourceTitle "EXT 2022"]
[Source "ChessBase"]
[SourceDate "2021.10.06"]
[SourceVersion "1"]
[SourceVersionDate "2021.10.06"]
[SourceQuality "1"]

1. d4 d5 2. Nf3 c6 3. Bf4 Qb6 4. Qc1 Bf5 5. e3 Nf6 6. Bd3 g6 7. O-O Bg7 8. Nbd2 Bxd3 9. cxd3 Nbd7 10. h3 O-O 11. Nb3 Rfe8 12. Qd2 a5 13. Rac1 a4 14. Nc5 Nxc5 15. dxc5 Qb5 16. Ne5 Rad8 17. Rfd1 Nd7 18. d4 f6 19. Nxd7 Rxd7 20. Bg3 e5 21. Rc2 exd4 22. exd4 Rde7 23. Qd3 Qb4 24. f3 Re3 25. Qd2 Qb5 26. Bf4 Re2 27. Qc1 R2e6 28. Rcd2 f5 29. Qc2 Bf6 30. Bg3 Bg5 31. f4 Bh6 32. Rf2 Re3 33. Rf3 Re2 34. Rd2 Rxd2 35. Qxd2 Re2 36. Qc3 Qxb2 37. Qa5 Qxd4+ 38. Bf2 Qe4 39. Qa8+ Qe8 40. Qxb7 Re4 41. g3 Bg7 42. Rd3 Re1+ 43. Kg2 Re2 44. Kg1 Rb2 45. Qc7 Qe2 46. Qc8+ Bf8 47. Rf3 Rb1+ 48. Kh2 Qxf3 49. Qe6+ Kg7 0-1

[Event "Kitchener Masters"]
[Site "Kitchener CAN"]
[Date "2001.09.29"]
[Round "8"]
[White "Jung, Hans"]
[Black "Dougherty, Michael"]
[Result "0-1"]
[WhiteElo "2291"]
[BlackElo "2355"]
[PlyCount "112"]
[GameId "2160767911485243"]
[EventDate "2001.09.15"]
[EventType "tourn"]
[EventRounds "9"]
[EventCountry "CAN"]
[SourceTitle "EXT 2022"]
[Source "ChessBase"]
[SourceDate "2021.10.06"]
[SourceVersion "1"]
[SourceVersionDate "2021.10.06"]
[SourceQuality "1"]

1. e4 c6 2. d4 d5 3. exd5 cxd5 4. Bd3 Nc6 5. c3 g6 6. h4 Nf6 7. Bf4 Bg7 8. Nf3 Bg4 9. Nbd2 O-O 10. Qb3 Qc8 11. Ne5 Be6 12. Qc2 Nh5 13. Bh2 f6 14. Nxc6 bxc6 15. Nb3 Bf7 16. Nc5 e5 17. O-O-O a5 18. f3 Bh6+ 19. Kb1 Nf4 20. Bxf4 Bxf4 21. h5 Kg7 22. g4 exd4 23. cxd4 Re8 24. hxg6 hxg6 25. Rde1 Qc7 26. Re2 Re7 27. a3 Rae8 28. Rhe1 Bg3 29. Rxe7 Rxe7 30. Re2 Bf4 31. a4 Re3 32. Qc3 Qe7 33. Qe1 Rxe2 34. Qxe2 Qxe2 35. Bxe2 Kh6 36. Nb3 Bc7 37. Kc2 Kg5 38. Kd3 Kf4 39. Nc5 f5 40. gxf5 gxf5 41. Kc3 Ke3 42. Bd1 Bh5 43. b4 axb4+ 44. Kxb4 Kd2 45. Bb3 Bxf3 46. a5 Be2 47. Ba4 f4 48. Bxc6 Bc4 49. Nd7 Bd6+ 50. Ka4 Kc3 51. a6 f3 52. a7 f2 53. a8=Q f1=Q 54. Qa5+ Kc2 55. Nc5 Qa1+ 56. Kb4 Qb2+ 0-1

[Event "Kitchener Masters"]
[Site "Kitchener CAN"]
[Date "2001.09.29"]
[Round "8"]
[White "Laughlin, Steve"]
[Black "Kret, Ted"]
[Result "0-1"]
[WhiteElo "2054"]
[BlackElo "2219"]
[PlyCount "48"]
[GameId "2160767911485244"]
[EventDate "2001.09.15"]
[EventType "tourn"]
[EventRounds "9"]
[EventCountry "CAN"]
[SourceTitle "EXT 2022"]
[Source "ChessBase"]
[SourceDate "2021.10.06"]
[SourceVersion "1"]
[SourceVersionDate "2021.10.06"]
[SourceQuality "1"]

1. e4 e6 2. d3 d5 3. Nd2 Nf6 4. g3 b6 5. Bg2 Bb7 6. Qe2 Be7 7. e5 Nfd7 8. f4 c5 9. c4 Nc6 10. Qg4 O-O 11. Ngf3 Nb4 12. Ke2 dxc4 13. Nxc4 Nxd3 14. Rd1 Ba6 15. b3 Nxc1+ 16. Raxc1 Qc7 17. Ng5 Nxe5 18. fxe5 Qxe5+ 19. Ne4 f5 20. Qh5 g6 21. Qh6 fxe4 22. Rd7 Qb2+ 23. Qd2 Qxd2+ 24. Rxd2 Bg5 0-1

[Event "Kitchener Masters"]
[Site "Kitchener CAN"]
[Date "2001.09.29"]
[Round "8"]
[White "Zybura, Andre"]
[Black "Peredun, Andrew"]
[Result "0-1"]
[WhiteElo "2020"]
[BlackElo "2268"]
[PlyCount "74"]
[GameId "2160767911485245"]
[EventDate "2001.09.15"]
[EventType "tourn"]
[EventRounds "9"]
[EventCountry "CAN"]
[SourceTitle "EXT 2022"]
[Source "ChessBase"]
[SourceDate "2021.10.06"]
[SourceVersion "1"]
[SourceVersionDate "2021.10.06"]
[SourceQuality "1"]

1. Nf3 Nf6 2. c4 g6 3. Nc3 Bg7 4. g3 O-O 5. Bg2 d6 6. O-O e5 7. d3 Nc6 8. Rb1 h6 9. b4 Be6 10. b5 Ne7 11. Qb3 Qd7 12. Re1 Nh5 13. Nd5 Nxd5 14. cxd5 Bh3 15. Bh1 f5 16. Nd2 Rf7 17. a4 Raf8 18. Bb2 g5 19. Qc4 Nf6 20. f3 h5 21. Bg2 f4 22. Ne4 Nxe4 23. dxe4 Bh6 24. Bc1 Rg7 25. Rb3 Bxg2 26. Kxg2 g4 27. Rh1 h4 28. Rc3 Rf6 29. a5 Qf7 30. fxg4 Rxg4 31. Qxc7 Qg6 32. Qc8+ Bf8 33. Rf1 hxg3 34. h3 Qxe4+ 35. Kg1 Rg7 36. Rc7 Rxc7 37. Qxc7 Qxe2 0-1

[Event "Kitchener Masters"]
[Site "Kitchener CAN"]
[Date "2001.09.30"]
[Round "9"]
[White "Dougherty, Michael"]
[Black "Allen, Graham"]
[Result "1-0"]
[WhiteElo "2355"]
[BlackElo "2297"]
[PlyCount "65"]
[GameId "2160767911485246"]
[EventDate "2001.09.15"]
[EventType "tourn"]
[EventRounds "9"]
[EventCountry "CAN"]
[SourceTitle "EXT 2022"]
[Source "ChessBase"]
[SourceDate "2021.10.06"]
[SourceVersion "1"]
[SourceVersionDate "2021.10.06"]
[SourceQuality "1"]

1. d4 Nf6 2. Nf3 g6 3. c4 Bg7 4. Nc3 d6 5. e4 O-O 6. Be2 e5 7. O-O Nc6 8. d5 Ne7 9. b4 Nd7 10. Be3 f5 11. Ng5 Nf6 12. f3 f4 13. Bf2 h6 14. Ne6 Bxe6 15. dxe6 c6 16. Qb3 Qc7 17. Rad1 Rfd8 18. c5 d5 19. exd5 Nfxd5 20. Ne4 Nf5 21. Bc4 Qe7 22. Bxd5 cxd5 23. Rxd5 Rxd5 24. Qxd5 Rd8 25. Qc4 Re8 26. Rd1 Qxe6 27. Qxe6+ Rxe6 28. Rd7 Re7 29. Rxe7 Nxe7 30. Nd6 Nc6 31. b5 Nd8 32. Nc8 a6 33. c6 1-0

[Event "Kitchener Masters"]
[Site "Kitchener CAN"]
[Date "2001.09.30"]
[Round "9"]
[White "Gurevich, Artjom"]
[Black "Laughlin, Steve"]
[Result "1/2-1/2"]
[WhiteElo "2297"]
[BlackElo "2054"]
[PlyCount "66"]
[GameId "2160767911485247"]
[EventDate "2001.09.15"]
[EventType "tourn"]
[EventRounds "9"]
[EventCountry "CAN"]
[SourceTitle "EXT 2022"]
[Source "ChessBase"]
[SourceDate "2021.10.06"]
[SourceVersion "1"]
[SourceVersionDate "2021.10.06"]
[SourceQuality "1"]

1. d4 Nf6 2. Nf3 g6 3. c4 Bg7 4. Nc3 O-O 5. g3 d6 6. Bg2 Nc6 7. O-O e5 8. d5 Ne7 9. e4 Ne8 10. Ne1 f5 11. Nd3 Nf6 12. Bg5 h6 13. Bxf6 Bxf6 14. f4 exf4 15. Nxf4 Be5 16. Qd2 Kh7 17. Rae1 a6 18. Kh1 Ng8 19. Nd3 Bg7 20. e5 dxe5 21. Nxe5 Qd6 22. Nd3 b6 23. b4 Qf6 24. Ne5 Bb7 25. Nd1 Rad8 26. Nf2 c6 27. Nfd3 cxd5 28. c5 bxc5 29. Nxc5 Bc6 30. Nxc6 Qxc6 31. Ne6 Rfe8 32. Nxd8 Rxd8 33. Rc1 Qd6 1/2-1/2

[Event "Kitchener Masters"]
[Site "Kitchener CAN"]
[Date "2001.09.30"]
[Round "9"]
[White "Kret, Ted"]
[Black "Zybura, Andre"]
[Result "1-0"]
[WhiteElo "2219"]
[BlackElo "2020"]
[PlyCount "59"]
[GameId "2160767911485248"]
[EventDate "2001.09.15"]
[EventType "tourn"]
[EventRounds "9"]
[EventCountry "CAN"]
[SourceTitle "EXT 2022"]
[Source "ChessBase"]
[SourceDate "2021.10.06"]
[SourceVersion "1"]
[SourceVersionDate "2021.10.06"]
[SourceQuality "1"]

1. d4 Nf6 2. c4 e6 3. Nc3 Bb4 4. e3 c5 5. Bd3 O-O 6. Nf3 d5 7. O-O dxc4 8. Bxc4 Nc6 9. a3 Bxc3 10. bxc3 Qc7 11. Qe2 e5 12. h3 exd4 13. cxd4 cxd4 14. exd4 Re8 15. Be3 Be6 16. Rfc1 Rad8 17. Bb5 Bd5 18. Ne5 Re6 19. a4 a6 20. Nxc6 Bxc6 21. Bxc6 Rxc6 22. Rxc6 Qxc6 23. Rc1 Qxa4 24. Rc7 Qb3 25. Qf3 b5 26. Qb7 Ne8 27. Re7 Kf8 28. Re5 Qb1+ 29. Kh2 Qg6 30. Qe7+ 1-0

[Event "Kitchener Masters"]
[Site "Kitchener CAN"]
[Date "2001.09.30"]
[Round "9"]
[White "Vaingorten, Yaaqov"]
[Black "Jung, Hans"]
[Result "1-0"]
[WhiteElo "2250"]
[BlackElo "2291"]
[PlyCount "41"]
[GameId "2160767911485250"]
[EventDate "2001.09.15"]
[EventType "tourn"]
[EventRounds "9"]
[EventCountry "CAN"]
[SourceTitle "EXT 2022"]
[Source "ChessBase"]
[SourceDate "2021.10.06"]
[SourceVersion "1"]
[SourceVersionDate "2021.10.06"]
[SourceQuality "1"]

1. d4 d5 2. Nf3 Nc6 3. g3 Bf5 4. Bg2 Qd7 5. c4 f6 6. Nc3 Nb4 7. O-O Nc2 8. Rb1 Nb4 9. e4 dxe4 10. Nh4 Bg4 11. Qb3 c5 12. Bxe4 Qxd4 13. a3 a5 14. axb4 cxb4 15. Be3 Qd7 16. Na4 Qc7 17. Ng6 hxg6 18. Bxg6+ Kd7 19. Nb6+ Kc6 20. Be4+ Kd6 21. Qd3+ 1-0

[Event "Kitchener op"]
[Site "Kitchener CAN"]
[Date "2001.??.??"]
[Round "?"]
[White "Ward, Gerry"]
[Black "McClelland, Tom"]
[Result "0-1"]
[WhiteElo "1691"]
[BlackElo "1917"]
[PlyCount "64"]
[GameId "2160767911627356"]
[EventDate "2001.??.??"]
[EventType "swiss"]
[EventRounds "5"]
[EventCountry "CAN"]
[SourceTitle "CFC 2001.08"]
[Source "CFC"]
[SourceDate "2001.08.??"]
[SourceVersionDate "2001.08.??"]
[SourceQuality "1"]

1. d4 d5 2. c4 c6 3. Nc3 Nf6 4. Nf3 e6 5. Bg5 dxc4 6. e4 b5 7. a3 Nbd7 8. e5 h6 9. Bh4 g5 10. Nxg5 hxg5 11. Bxg5 Bb7 12. exf6 Qb6 13. b3 cxb3 14. Qxb3 Qxd4 15. Rd1 Qe5+ 16. Be3 Bh6 17. Nxb5 cxb5 18. Bxb5 Bd5 19. Bxd7+ Kxd7 20. Qb7+ Qc7 21. Qb5+ Qc6 22. Qd3 Bxe3 23. Qxe3 Rhg8 24. Rg1 Rg6 25. Qd4 Rc8 26. Ke2 Qc4+ 27. Ke3 Qxd4+ 28. Rxd4 Rc3+ 29. Kf4 Rxf6+ 30. Kg4 Rxf2 31. g3 Rxh2 32. Ra4 Rc4+ 0-1

[Event "La colonne ouverte"]
[Site "Gatineau CAN"]
[Date "2001.10.16"]
[Round "1"]
[White "Menard, Marc"]
[Black "Thomann, Olivier"]
[Result "0-1"]
[WhiteElo "1567"]
[BlackElo "1843"]
[PlyCount "74"]
[GameId "2160767911485073"]
[EventDate "2001.10.16"]
[EventType "swiss"]
[EventRounds "4"]
[EventCountry "CAN"]

1. e4 e5 2. f4 exf4 3. Nf3 d5 4. exd5 Qxd5 5. Nc3 Qe6+ 6. Qe2 Qxe2+ 7. Bxe2 Bf5 8. Nd4 Bd7 9. d3 Nf6 10. Bxf4 c6 11. O-O-O Bc5 12. Nb3 Be7 13. Rde1 O-O 14. Bf3 Re8 15. Rhf1 Na6 16. Ne4 Nxe4 17. Rxe4 Nc5 18. Nxc5 Bxc5 19. Rfe1 Rxe4 20. Rxe4 Re8 21. Kd2 Rxe4 22. Bxe4 f5 23. Bf3 Kf7 24. Be3 Bxe3+ 25. Kxe3 Kf6 26. Kd4 g5 27. g3 Be8 28. b4 Ke6 29. b5 Kd6 30. c4 c5+ 31. Ke3 b6 32. h4 gxh4 33. gxh4 Ke5 34. Be2 f4+ 35. Kf3 Bh5+ 36. Kf2 Bxe2 37. Kxe2 Kd4 0-1

[Event "La colonne ouverte"]
[Site "Gatineau CAN"]
[Date "2001.10.16"]
[Round "1"]
[White "Rose, Richard"]
[Black "Beauparlant, Roch"]
[Result "1-0"]
[WhiteElo "1806"]
[BlackElo "1578"]
[PlyCount "59"]
[GameId "2160767911485074"]
[EventDate "2001.10.16"]
[EventType "swiss"]
[EventRounds "4"]
[EventCountry "CAN"]

1. e4 d6 2. d4 Nf6 3. Nc3 g6 4. f3 Bg7 5. Be3 O-O 6. Qd2 e5 7. Be2 exd4 8. Bxd4 Nc6 9. Be3 Be6 10. O-O-O Re8 11. g4 a5 12. h4 Nb4 13. a3 Qd7 14. h5 Na2+ 15. Nxa2 Bxa2 16. hxg6 fxg6 17. b3 a4 18. Bc4+ Kf8 19. g5 Nh5 20. Qd5 Ke7 21. Rxh5 gxh5 22. g6 axb3 23. Bg5+ Bf6 24. Qf7+ Kd8 25. Qxf6+ Kc8 26. Bf7 Re5 27. Qh8+ Re8 28. Bxe8 b2+ 29. Kd2 b1=Q 30. Rxb1 1-0